[Event "Hamburg-chA"]
[Site "Hamburg"]
[Date "2019.06.11"]
[Round "4"]
[White "Ristic, Sreten"]
[Black "Diekmann, Klaus"]
[Result "1-0"]
[WhiteElo "1786"]
[BlackElo "1564"]
[PlyCount "57"]
[EventDate "2019.06.08"]
[EventType "swiss"]
[EventRounds "7"]
[EventCountry "GER"]
[SourceTitle "EXT 2022"]
[Source "ChessBase"]
[SourceDate "2021.10.06"]
[SourceVersion "1"]
[SourceVersionDate "2021.10.06"]
[SourceQuality "1"]

1. e4 c5 2. Ne2 Nc6 3. g3 d5 4. Nbc3 Nf6 5. exd5 Nxd5 6. d3 Bg4 7. Bg2 Nxc3 8. bxc3 g6 9. h3 Bd7 10. Be3 b6 11. 0-0 Bg7 12. Qd2 0-0 13. f4 Rc8 14. g4 Na5 15. f5 c4 16. d4 Bc6 17. d5 Ba8 18. Rad1 Nb7 19. Bd4 Nd6 20. Bxg7 Kxg7 21. Qd4+ Kg8 22. Qf4 Rc5 23. Rd2 Qd7 24. fxg6 hxg6 25. Qh6 Ne8 26. Nf4 Qd6 27. Ne6 Bxd5 28. Qxf8+ Kh7 29. Ng5# 1-0